Quiz #3 - 100% logique - Statistiques

Statistiques générales
  • Ce quiz a été pris 319 fois
  • Le résultat moyen est 10 sur 20
Statistiques - réponses
Questions Réponses % Correct
(*) Le père de Mary a 5 filles : Nana, Nene, Nini, Nono. Quel est le prénom de la cinquième fille ? Mary Explication : Le prénom de la cinquième fille est directement indiqué dans l'énoncé ("Le père de Mary a 5 filles").
95%
Sur quelle place de parking cette voiture est-elle garée ? (cliquez ou survolez l'image pour l'agrandir) 87 Explication : En retournant l'image, on constate que les places de parking sont numérotées ainsi : "86" / ?? / "88" / "89" / "90" / "91". La voiture est donc garée sur la place 87.
92%
Quelles sont les 2 lettres que l'on peut placer devant chacun des mots suivants pour en former des nouveaux ? _ _ AGE _ _ MORTEL _ _ PARFAIT _ _ PULSION _ _ PRESSION IM Explication : En ajoutant les lettres "I" et "M" devant chaque mot, on obtient : "Image", "Immortel", "Imparfait", "Impulsion", "Impression".
83%
Si l'on compte de 1 jusqu'à 100, combien de 7 allons-nous rencontrer ? 20 Explication : En comptant de 1 jusqu'à 100, nous allons rencontrer 20 fois le chiffre "7" : 7 ; 17 ; 27 ; 37 ; 47 ; 57 ; 67 ; 70 ; 71 ; 72 ; 73 ; 74 ; 75 ; 76 ; 77 (ATTENTION ici aux deux chiffres "7") ; 78 ; 79 ; 87 ; 97.
69%
(*) Parmi ces propositions, quel est l'intrus ? - Baskets - Ciseaux - Lunettes - Marteaux Marteaux Explication : Contrairement aux marteaux, les trois autres propositions peuvent se retrouver par paires (on parle bien de "paires de baskets", de "paires de ciseaux" et de "paires de lunettes").
69%
Ces trois boussoles forment un mot. Lequel ? (cliquez ou survolez l'image pour l'agrandir) Sonne Explication : Les trois boussoles indiquent respectivement les directions Sud-Ouest (SO) / Nord (N) / Nord-Est (NE), formant ainsi le mot "Sonne".
66%
(*) Quel est l'intrus dans cette liste de médecins ? - Dr. Uide - Dr. Essage - Dr. Oitier - Dr. Ursul Dr. Ursul Explication : Les trois premières propositions forment des mots existants dans la langue française ("Druide", "Dressage", "Droitier"). "Drursul" ne correspond, quant à lui, à aucun mot connu.
58%
D'après ces égalités, dans quel lieu dort Marion ? - Chien = Niche - Elisa = Asile - Marion = ? Manoir Explication : Chaque lieu est une anagramme du nom / prénom associé. "Niche" est en effet l'anagramme du nom "Chien" et "Asile" est l'anagramme du prénom "Elisa". Ainsi : "Marion = Manoir".
56%
Combien de femmes y'a-t-il, au minimum, autour d'une table réunissant deux mères et deux filles ? 3 Explication : Il y a, au minimum, 3 femmes : la grand-mère (première mère), la mère (fille de la grand-mère et mère de la fille) et la fille (deuxième fille).
54%
Qui a 3 lettres, rarement 8, jamais 6 et parfois combien ? 7 Explication : Il faut prêter attention au nombre de lettres de chaque mot. "Qui" comporte effectivement 3 lettres, "Rarement" en comporte 8, "Jamais" en comporte 6, et "Parfois" en comporte 7.
42%
Sur un réveil matin à 4 chiffres, quelle est la dernière heure de la matinée où les 4 chiffres sont pairs ? 08h48 Explication : On cherche la dernière heure de la matinée (c'est-à-dire avant 12h00) où tous les chiffres - heures et minutes - sont pairs. La seule réponse possible est donc 08h48 (10h48 serait faux par exemple, puisque "1" est un chiffre impair).
40%
Quel nombre doit logiquement compléter cette suite ? 3 + 4 = 172 4 + 5 = 290 5 + 3 = ??? 185 Explication : Chaque nombre est construit ainsi : (chiffre des dizaines du produit des deux chiffres de gauche) / (somme des deux chiffres de gauche) / (chiffre des unités du produit des deux chiffres de gauche). Ayant 5 × 3 = 15 (avec "1" le chiffre des dizaines et "5" le chiffre des unités) et 5 + 3 = 8, le nombre qui complète la suite logique est donc bien "185".
37%
Quel chiffre complète cette suite logique ? - juif = 2 - fruit = 1 - math = 0 - maïs = ? 2 Explication : Pour chaque égalité, le chiffre correspond au nombre de points présents sur les lettres du mot associé. "juif" comporte deux points (sur le "j" et le "i"), "fruit" en comporte 1 (sur le "i"), "math" n'en comporte aucun, et "maïs" en comporte 2 (sur le "i").
37%
(*) Quelle couleur doit logiquement remplacer l'astérisque : le blanc, le vert, le marron ou le bleu ? (cliquez ou survolez l'image pour l'agrandir) Le vert Explication : "Oui" est indiqué si les deux couleurs associées commencent par la même lettre (ex : "Rouge / Rose" pour la première ligne). Dans le cas contraire, "Non" est indiqué (ex : "Jaune / Noir" pour la troisième ligne). La couleur qui remplace l'astérisque doit donc logiquement commencer par la même lettre que "Violet" (puisque "Oui" est indiqué) : ainsi, seule la couleur "Verte" est envisageable.
35%
Si Hervé déverrouille son téléphone avec le code 1822 et Béa avec le code 0201, quel code Théo doit-il composer ? 2015 Explication : Phonétiquement, "Hervé" se lit "RV". Or, R est la 18° lettre de l'alphabet, et V est la 22° lettre de l'alphabet. Hervé doit donc composer le code "1822" pour déverrouiller son téléphone. De la même manière : "Béa" se lit "BA" (avec B la 2° lettre de l'alphabet, et A la 1° lettre : d'où "0201"). Ainsi, Théo (se lisant "TO", avec T la 20° lettre de l'alphabet, et O la 15° lettre) doit composer le code "2015" pour déverrouiller son téléphone.
30%
En lisant cette phrase, quel fruit de 5 lettres apparaît ? "De retour de vacances, il mit enfin son costume londonien qui lui allait à merveille". Melon Explication : "De retour de vacances, il mit enfin son costu(me lon)donien qui lui allait à merveille".
30%
Quel mot se cache dans cette suite de dates ? - 1er décembre - 6 janvier - 5 novembre - 2 mai - 3 juillet - 4 juin Demain Explication : Pour chaque date, le jour indique quelle lettre du mois utiliser. La 1° lettre de "Décembre" est le "D". La 6° lettre de "Janvier" est le "E". La 5° lettre de "Novembre" est le "M". La 2° lettre de "Mai" est le "A". La 3° lettre de "Juillet" est le "I". La 4° lettre de "Juin" est le "N". En assemblant ces lettres, on obtient alors le mot "Demain".
27%
(*) Quel est l'intrus ? 1) Copier-coller 2) Coupé-décalé 3) Aller-retour 4) Rond-point 5) Grosso-modo 6) Sous-sol 7) Pop-rock 5) Grosso-modo Explication : Pris individuellement, les termes des propositions 1), 2), 3), 4), 6), 7) existent dans la langue française (ex : Copier / Coller / Rond / Point / Sous / Sol…). Ce n'est, en revanche, pas le cas pour "Grosso-modo".
22%
Quel nombre complète cette série ? 131 - 228 - 331 - 430 - 531 - 630 - 731 - ??? 831 Explication : Chaque nombre est construit ainsi : (numéro du mois de l'année) / (nombre de jours dans ce mois). Le 1° mois de l'année (Janvier) comporte 31 jours, d'où "131". Le 2° mois de l'année (Février) comporte 28 jours, d'où "228". Le 3° mois de l'année (Mars) comporte 31 jours, d'où "331". Et ainsi de suite … Le 8° mois de l'année (Août) comportant 31 jours, le nombre qui complète la série est donc bien "831".
22%
Répondez à la question : CMINOTUTELSIQ OBEFNQARPUCN ? 9
Explication : En lisant l'énoncé en zigzag (c'est-à-dire en alternant une lettre en haut et une lettre en bas), cela donne : "Combien font quatre plus cinq". La réponse est donc bien "9".
15%
Aucun quiz correspondant
Distribution des résultats
% des personnes avec chaque résultat
Percentile par nombre de réponses
Votre historique - résultats
Vous n’avez pas pris ce quiz